000
00352nam a2200121Ia 4500
008
231129s9999||||xx |||||||||||||| ||spa||
020
_a
84-7530-683-7
082
_a
332.642 T454d
100
_a
Thomas Gordon
245
0
_a
El dia en que se hundio la bolsa
264
_a
Barcelona : Orbis c1986.
942
_2
ddc
_c
BKS
999
_c
10861
_d
10861